50 Practice Sets Reasoning (Record no. 65354)
[ view plain ]
| 000 -LEADER | |
|---|---|
| fixed length control field | 00261nam a2200109Ia 4500 |
| 008 - FIXED-LENGTH DATA ELEMENTS--GENERAL INFORMATION | |
| fixed length control field | 221009s9999 xx 000 0 und d |
| 082 ## - DEWEY DECIMAL CLASSIFICATION NUMBER | |
| Classification number | 510 |
| 100 ## - MAIN ENTRY--PERSONAL NAME | |
| Personal name | Guider |
| 9 (RLIN) | 79384 |
| 245 #0 - TITLE STATEMENT | |
| Title | 50 Practice Sets Reasoning |
| 260 ## - PUBLICATION, DISTRIBUTION, ETC. (IMPRINT) | |
| Name of publisher, distributor, etc. | Guider Competitive Group |
| 942 ## - ADDED ENTRY ELEMENTS (KOHA) | |
| Koha item type | Books |
| Withdrawn status | Lost status | Source of classification or shelving scheme | Damaged status | Not for loan | Home library | Current library | Date acquired | Total Checkouts | Full call number | Barcode | Date last seen | Date last checked out | Price effective from | Koha item type |
|---|---|---|---|---|---|---|---|---|---|---|---|---|---|---|
| MACL | MACL | 10/02/2023 | 4 | 510 | GCLC00806 | 13/10/2023 | 10/10/2023 | 10/02/2023 | Books |









